| 000 | 00469nam a2200193Ia 4500 | ||
|---|---|---|---|
| 005 | 20251020182533.0 | ||
| 008 | 200515s9999 xx 000 0 und d | ||
| 082 | _a712.391/C74 | ||
| 100 | _aCONRAN, Terence PEARSON, Dan | ||
| 245 | 0 | _aEl jardín: paisaje y diseño | |
| 260 | _aPekín | ||
| 260 | _c1998 | ||
| 500 | _a1 ejemplar | ||
| 520 | _aGuía esencial para el diseño del jardín | ||
| 650 | _aJARDINES | ||
| 650 | _aLIB | ||
| 650 | _aPUB | ||
| 942 | _cLIB | ||
| 999 |
_c2140 _d2140 |
||